Statistiche per Riconosci lo Stato - Quiz n°176

Clicka qui per fare il quiz!

Statistiche generali

  • Questo quiz è stato fatto 11 volte
  • Il punteggio medio è 10 su 12

Statistiche sulle risposte

IndizioRisposta% Corretto
Superficie1 127 127 km²
100%
Iniziale della CapitaleA
90%
ValutaBirr
90%
Forma di GovernoRepubblica parlamentare federale
90%
Fuso OrarioUTC+3
90%
ISU0,498
80%
Popolazione121 387 119 ab.
80%
PIL (nominale)72 370 milioni di $
80%
Primo ministroAbiy Ahmed Ali
80%
Tasso di crescita2,57%
70%
RispostaEtiopia
70%
Presidente della RepubblicaSahle-Uork Zeudé
70%

Distribuzione punteggi

Percentile per numero di risposta

Percentuale di utenti per punteggio

I tuoi punteggi nel tempo

Non hai fatto questo quiz